00341pab a2200133 454500008004000000100001800040245004200058260000900100300001300109362001100122650002600133650001400159773003400173180718b2013 xxu||||| |||| 00| 0 eng d aShamala Kumar aThe military expansion into education c2013 ap.38-41. a16 Feb aEducation - Sri Lanka aEducation aEconomic and Political Weekly